VPSD + Doi Map Quiz - Statistieken

Algemene statistieken
  • Deze quiz is 6 keer genomen
  • De gemiddelde score is 7 van 13
Antwoorden op de kaart
Antwoorden kleurgecodeerd door een groen-rode schaal op de quizkaart volgens % correct hieronder.
 
Antwoordstatistieken
Antwoord % Correct
Shèngdì
100%
Tiandian
100%
Colloseum
50%
Doi
50%
Evilland
50%
Mosstown
50%
Mushroom Eiland
50%
Niemand
50%
Noord Píngtaí
50%
Wardspawn
50%
Yuandong
50%
Zuid Píngtaí
50%
Desert des Irons
0%
Geen overeenkomende quizzen gevonden
Scoreverdeling
Procent van Mensen met Elke Score
Percentiel versus Aantal Correcte Antwoorden
Uw Scoregeschiedenis
U heeft deze quiz nog niet genomen